000 00542nam a22001937a 4500
003 KOHA_MİRAKIL
005 20251001163000.0
008 251001b tu ||||| |||| 00| 0 tur d
020 _a9786053263395
040 _aTR-AnABB
_btur
_cTR-AnABB
041 _atur
082 _a813.42
_bERG 2018
100 1 _aErgin, Elif Sena,
245 1 0 _aİçler düşler çarpımı /
_cElif Sena Ergin
260 _aİstanbul :
_bİz Yayıncılık,
_c2018
300 _a86 sayfa ;
_c21 cm
650 0 4 _aTürk edebiyatı, roman
942 _2ddc
_cBK
999 _c9026
_d9026
900 _bGizem YORULMAZ